Statistiques concernant Mots de la langue française terminés par "bon"

Cliquez ici pour prendre le quiz!

Statistiques générales

  • Ce quiz a été pris 117 fois
  • Le résultat moyen est 5 sur 11

Statistiques - réponses

IndiceMot% Correct
sucreriebonbon
97%
pays africainGabon
94%
matière noire combustiblecharbon
91%
whiskybourbon
89%
cuisse du porcjambon
87%
singe d'Asiegibbon
49%
pustulebubon
20%
homme âgébarbon
18%
chaireambon
4%
taupedarbon
0%
dans l'Antiquité, pointe au centre d'un bouclierombon
0%

Distribution des résultats

Percentile par nombre de réponses

% des personnes avec chaque résultat

Votre développement - résultats

Vous n’avez pas pris ce quiz